| 000 | 01541nam a2200565 4500 | ||
|---|---|---|---|
| 005 | 20260204123608.0 | ||
| 008 | 260204b2023 |||||||| |||| 00| 0 spa d | ||
| 020 | _a9788441548112 | ||
| 041 | _aESP | ||
| 082 | _a005.8 C112c | ||
| 100 | _aCaballero Velasco, María Ángeles | ||
| 245 | _aCiberseguridad paso a paso: diseña tu estrategia | ||
| 260 | _aEspaña | ||
| 260 | _bAnaya | ||
| 260 | _c2023 | ||
| 300 | _a599 páginas | ||
| 490 | _aTecnologías de la Información | ||
| 490 | _aBig Data | ||
| 650 | _aSEGURIDAD DE LOS DATOS | ||
| 650 | _aCIBERSEGURIDAD | ||
| 650 | _aNUEVA ERA DIGITAL | ||
| 650 | _aINTERNET | ||
| 650 | _aBIG DATA | ||
| 650 | _aINTELIGENCIA ARTIFICIAL | ||
| 650 | _aTECNOLOGÍAS | ||
| 650 | _aHACKER | ||
| 650 | _aAMENAZAS | ||
| 650 | _aCIBERAMENAZAS | ||
| 650 | _aCYBERSECURITY FRAMEWORK | ||
| 650 | _aDOMINIOS | ||
| 650 | _aNEGOCIOS | ||
| 650 | _aORGANIZACIÓN | ||
| 650 | _aPROTECCIÓN DE LA RED | ||
| 650 | _aFIREWALLS | ||
| 650 | _aPREVENCIÓN DE INTRUSOS | ||
| 650 | _aARQUITECTURA DE SEGURIDAD | ||
| 650 | _aPROTECCIÓN DE DATOS | ||
| 650 | _aPRIVACIDAD | ||
| 650 | _aPROTECCIÓN DE APLICACIONES | ||
| 650 | _aPROTECCIÓN DE IDENTIDAD | ||
| 650 | _aPROTECCIÓN DE LAS REDES SOCIALES | ||
| 650 | _aPLAN DE CIBERSEGURIDAD | ||
| 650 | _aMACARENA BAKES | ||
| 650 | _aCYBER NEGOCIO | ||
| 650 | _aPROTECCIÓN DEL NEGOCIO | ||
| 650 | _aCIBERSEGURIDAD EN CLOUD | ||
| 650 | _aTIPOS DE NUBE | ||
| 650 | _aESTRATEGIA DE SEGURIDAD | ||
| 942 |
_2ddc _cBK |
||
| 999 |
_c13891 _d13891 |
||